| 000 | 01207nam a2200229 4500 | ||
|---|---|---|---|
| 005 | 20260417132458.0 | ||
| 008 | 260415b |||||||| |||| 00| 0 eng d | ||
| 020 | _a9789389691566 | ||
| 040 | _cAL | ||
| 041 | _aeng | ||
| 082 |
_a515.62 _bSPIS |
||
| 100 |
_aMurray R Spiegel _9262071 |
||
| 245 |
_aSchaums outline of theory and problems of calculus of _b: finite differences and difference equations |
||
| 260 |
_aNew York _bMcGraw Hill Education India Pvt Ltd _c2020 |
||
| 300 |
_avi,259p _bPB _c28x21cm |
||
| 365 |
_2Information Science and Engineering _aVBI-2645 _b₹543.75 _c₹ _d₹725.00 _e25% _f20-02-2026 |
||
| 440 |
_aSchaums outline series _9262072 |
||
| 520 | _aThis powerful study tool covers difference calculus, sum calculus, difference equations and more With many examples of their applications. Ideal for solo study or as a supplement to a course, it clearly explains principles and theorems and gives definitions, then takes students through problems and their step-by-step solutions. This provides firm footing and excellent preparation for real-life problems and school examinations. | ||
| 650 |
_aSum Calculus _9261651 |
||
| 650 |
_aDifference Equations _9261652 |
||
| 942 |
_2ddc _cBK |
||
| 999 |
_c241245 _d241245 |
||